[Event "World Chess Olympiad 2018"]
[Site "Batumi"]
[Date "2018.10.01"]
[Round "7"]
[Board "2"]
[WhiteFideId "1506102"]
[White "Urkedal Frode Olav Olsen"]
[BlackFideId "4800249"]
[Black "Noah A .H. Al-Ali"]
[Result "1-0"]
[LiveChessVersion "1.4.8"]
[BlackElo "2276"]
[WhiteElo "2535"]

1. d4 {[%clk 1:30:57]} Nf6 {[%clk 1:30:36]} 2. c4 {[%clk 1:31:20]} d6
{[%clk 1:30:55]} 3. Nf3 {[%clk 1:31:44]} Nbd7 {[%clk 1:31:15]} 4. Nc3
{[%clk 1:32:10]} e5 {[%clk 1:31:30]} 5. e4 {[%clk 1:32:35]} Be7 {[%clk 1:31:22]}
6. Be2 {[%clk 1:33:01]} O-O {[%clk 1:31:43]} 7. O-O {[%clk 1:33:28]} c6
{[%clk 1:31:09]} 8. Qc2 {[%clk 1:32:47]} Re8 {[%clk 1:27:32]} 9. Be3
{[%clk 1:24:21]} Bf8 {[%clk 1:21:34]} 10. Rfd1 {[%clk 1:22:39]} Qe7
{[%clk 1:01:11]} 11. d5 {[%clk 1:20:31]} Nh5 {[%clk 0:59:52]} 12. g3
{[%clk 1:16:40]} c5 {[%clk 0:58:49]} 13. Ne1 {[%clk 1:05:13]} Ndf6
{[%clk 0:58:36]} 14. f3 {[%clk 1:04:27]} h6 {[%clk 0:59:06]} 15. Nd3
{[%clk 1:02:09]} g5 {[%clk 0:59:22]} 16. Kh1 {[%clk 0:59:25]} g4 {[%clk 0:55:27]}
17. Nf2 {[%clk 0:58:39]} gxf3 {[%clk 0:55:56]} 18. Bxf3 {[%clk 0:59:01]} Kh7
{[%clk 0:53:04]} 19. Qd2 {[%clk 0:56:36]} Kg6 {[%clk 0:44:29]} 20. Ne2
{[%clk 0:49:04]} Ng8 {[%clk 0:33:12]} 21. g4 {[%clk 0:48:19]} Ng7
{[%clk 0:32:06]} 22. Ng3 {[%clk 0:48:38]} Qh4 {[%clk 0:30:27]} 23. Rg1
{[%clk 0:46:58]} Kh7 {[%clk 0:29:40]} 24. Nf5 {[%clk 0:46:45]} Nxf5
{[%clk 0:28:22]} 25. gxf5 {[%clk 0:47:08]} Qd8 {[%clk 0:16:34]} 26. Rg3
{[%clk 0:44:10]} Be7 {[%clk 0:09:11]} 27. Rag1 {[%clk 0:43:48]} Bf6
{[%clk 0:09:13]} 28. Rh3 {[%clk 0:43:40]} Bh4 {[%clk 0:06:56]} 29. Rg4
{[%clk 0:43:58]} Bxf2 {[%clk 0:06:02]} 30. Bxh6 {[%clk 0:43:57]} 1-0

[Event "World Chess Olympiad 2018"]
[Site "Batumi"]
[Date "2018.10.01"]
[Round "7"]
[Board "3"]
[WhiteFideId "4801040"]
[White "Al-Saffar Araz Basim Mohammed S"]
[BlackFideId "1512668"]
[Black "Christiansen Johan-Sebastian"]
[Result "0-1"]
[LiveChessVersion "1.4.8"]
[BlackElo "2525"]
[WhiteElo "2400"]

1. d4 {[%clk 1:30:41]} Nf6 {[%clk 1:30:50]} 2. Nf3 {[%clk 1:30:42]} d5
{[%clk 1:31:13]} 3. e3 {[%clk 1:31:00]} e6 {[%clk 1:30:23]} 4. Bd3
{[%clk 1:31:14]} b6 {[%clk 1:25:55]} 5. O-O {[%clk 1:29:38]} Bb7 {[%clk 1:26:19]}
6. b3 {[%clk 1:29:46]} Bd6 {[%clk 1:26:24]} 7. Bb2 {[%clk 1:30:03]} O-O
{[%clk 1:26:42]} 8. Nbd2 {[%clk 1:30:13]} Ne4 {[%clk 1:16:15]} 9. c4
{[%clk 1:26:10]} Nd7 {[%clk 1:14:13]} 10. Ne5 {[%clk 1:21:48]} Bxe5
{[%clk 0:53:09]} 11. dxe5 {[%clk 1:21:34]} Nxd2 {[%clk 0:50:10]} 12. Qxd2
{[%clk 1:21:59]} Nc5 {[%clk 0:50:31]} 13. Ba3 {[%clk 0:55:53]} Nxd3
{[%clk 0:42:15]} 14. Qxd3 {[%clk 0:46:52]} dxc4 {[%clk 0:40:11]} 15. Qxc4
{[%clk 0:46:18]} Qg5 {[%clk 0:39:09]} 16. e4 {[%clk 0:41:54]} Rfd8
{[%clk 0:35:44]} 17. Bb2 {[%clk 0:35:55]} c5 {[%clk 0:27:22]} 18. Rad1
{[%clk 0:31:30]} a5 {[%clk 0:20:18]} 19. Qc2 {[%clk 0:27:22]} a4 {[%clk 0:12:32]}
20. Rd6 {[%clk 0:26:49]} axb3 {[%clk 0:12:46]} 21. axb3 {[%clk 0:27:11]} Qf4
{[%clk 0:11:07]} 22. Rfd1 {[%clk 0:24:52]} Rxd6 {[%clk 0:10:38]} 23. exd6
{[%clk 0:25:15]} Bxe4 {[%clk 0:10:05]} 24. Qc3 {[%clk 0:13:55]} Qg5
{[%clk 0:09:23]} 25. f3 {[%clk 0:09:12]} Bd5 {[%clk 0:09:52]} 26. b4
{[%clk 0:09:20]} cxb4 {[%clk 0:08:37]} 27. Qe5 {[%clk 0:09:18]} Qxe5
{[%clk 0:07:52]} 28. Bxe5 {[%clk 0:09:44]} Rd8 {[%clk 0:06:50]} 29. Rd4
{[%clk 0:08:26]} f6 {[%clk 0:07:11]} 30. Bg3 {[%clk 0:08:02]} b3 {[%clk 0:06:44]}
31. Rb4 {[%clk 0:07:49]} Kf7 {[%clk 0:05:54]} 32. Rxb6 {[%clk 0:08:04]} e5
{[%clk 0:04:08]} 33. Bf2 {[%clk 0:05:47]} Ke6 {[%clk 0:02:02]} 34. Bc5
{[%clk 0:06:09]} Rc8 {[%clk 0:01:44]} 35. Ba3 {[%clk 0:04:41]} Ra8
{[%clk 0:01:59]} 36. Bc5 {[%clk 0:03:49]} Ra2 {[%clk 0:01:40]} 37. h4
{[%clk 0:03:23]} Rc2 {[%clk 0:01:54]} 38. Ba3 {[%clk 0:03:22]} Ra2
{[%clk 0:02:22]} 39. Bc5 {[%clk 0:03:18]} h5 {[%clk 0:02:02]} 40. Rb8
{[%clk 0:31:01]} Kd7 {[%clk 0:31:47]} 41. Rb6 {[%clk 0:23:27]} b2
{[%clk 0:30:35]} 42. Kh2 {[%clk 0:23:26]} Bxf3 {[%clk 0:30:56]} 43. Kg3
{[%clk 0:23:52]} Be4 {[%clk 0:31:21]} 0-1

[Event "World Chess Olympiad 2018"]
[Site "Batumi"]
[Date "2018.10.01"]
[Round "7"]
[Board "4"]
[WhiteFideId "1509500"]
[White "Salomon Johan"]
[BlackFideId "4801849"]
[Black "Abdulwahhab Ahmed Abdulsattar A"]
[Result "1-0"]
[LiveChessVersion "1.4.8"]
[BlackElo "2271"]
[WhiteElo "2477"]

1. e4 {[%clk 1:30:58]} c5 {[%clk 1:30:41]} 2. Nf3 {[%clk 1:31:19]} e6
{[%clk 1:30:51]} 3. d4 {[%clk 1:31:46]} cxd4 {[%clk 1:31:14]} 4. Nxd4
{[%clk 1:32:09]} a6 {[%clk 1:31:16]} 5. c4 {[%clk 1:32:29]} Nf6 {[%clk 1:31:16]}
6. Nc3 {[%clk 1:32:32]} Qc7 {[%clk 1:31:23]} 7. Be2 {[%clk 1:32:17]} Bb4
{[%clk 1:30:28]} 8. Nc2 {[%clk 1:32:40]} Be7 {[%clk 1:28:44]} 9. Be3
{[%clk 1:32:01]} d6 {[%clk 1:28:46]} 10. g4 {[%clk 1:32:13]} Nc6 {[%clk 1:17:58]}
11. g5 {[%clk 1:27:41]} Nd7 {[%clk 1:18:17]} 12. h4 {[%clk 1:28:04]} b6
{[%clk 1:14:48]} 13. h5 {[%clk 1:24:12]} Bb7 {[%clk 1:14:43]} 14. Qd2
{[%clk 1:21:09]} O-O-O {[%clk 1:06:22]} 15. O-O-O {[%clk 1:20:03]} Kb8
{[%clk 1:05:57]} 16. Kb1 {[%clk 1:14:18]} Ka8 {[%clk 0:59:38]} 17. Rhg1
{[%clk 1:12:24]} g6 {[%clk 0:53:24]} 18. Rc1 {[%clk 1:06:08]} Rc8
{[%clk 0:52:54]} 19. f3 {[%clk 0:56:53]} Rhd8 {[%clk 0:50:41]} 20. Rh1
{[%clk 0:55:05]} Nf8 {[%clk 0:45:20]} 21. hxg6 {[%clk 0:54:16]} hxg6
{[%clk 0:45:38]} 22. Na4 {[%clk 0:50:53]} Nd7 {[%clk 0:42:05]} 23. Rh7
{[%clk 0:51:04]} Rf8 {[%clk 0:42:12]} 24. Nd4 {[%clk 0:42:13]} Nc5
{[%clk 0:36:13]} 25. Nc3 {[%clk 0:40:55]} Qd8 {[%clk 0:33:01]} 26. Nc2
{[%clk 0:40:23]} Rh8 {[%clk 0:29:42]} 27. Rh6 {[%clk 0:37:38]} Nd7
{[%clk 0:26:08]} 28. Rch1 {[%clk 0:36:00]} Rf8 {[%clk 0:26:22]} 29. Rh7
{[%clk 0:36:06]} Qc7 {[%clk 0:25:46]} 30. Rc1 {[%clk 0:32:44]} Nce5
{[%clk 0:24:38]} 31. b3 {[%clk 0:32:12]} Rh8 {[%clk 0:24:03]} 32. Rh6
{[%clk 0:29:39]} Rhg8 {[%clk 0:24:01]} 33. f4 {[%clk 0:27:50]} Nc6
{[%clk 0:24:14]} 34. Rh7 {[%clk 0:26:41]} Nd8 {[%clk 0:23:07]} 35. f5
{[%clk 0:24:28]} Nc5 {[%clk 0:18:38]} 36. f6 {[%clk 0:20:19]} Bf8
{[%clk 0:15:42]} 37. Rh4 {[%clk 0:17:54]} Nc6 {[%clk 0:14:14]} 38. Nd4
{[%clk 0:16:06]} Ne5 {[%clk 0:14:03]} 39. Nf3 {[%clk 0:12:37]} Ncd7
{[%clk 0:11:16]} 40. Nxe5 {[%clk 0:37:38]} dxe5 {[%clk 0:36:24]} 41. Rd1
{[%clk 0:35:19]} Bc6 {[%clk 0:31:38]} 42. Rh7 {[%clk 0:33:27]} Nc5
{[%clk 0:31:19]} 43. Bf3 {[%clk 0:27:09]} Nb7 {[%clk 0:31:04]} 44. Bg4
{[%clk 0:21:51]} Rd8 {[%clk 0:29:29]} 45. Qc2 {[%clk 0:20:38]} Rxd1+
{[%clk 0:28:30]} 46. Nxd1 {[%clk 0:20:10]} Nd8 {[%clk 0:25:15]} 47. Kb2
{[%clk 0:17:13]} Kb7 {[%clk 0:25:01]} 48. Nf2 {[%clk 0:16:46]} Qd6
{[%clk 0:24:15]} 49. Kb1 {[%clk 0:15:32]} a5 {[%clk 0:24:14]} 50. Bf3
{[%clk 0:14:54]} Qd7 {[%clk 0:22:15]} 51. Nd3 {[%clk 0:14:40]} Qc7
{[%clk 0:21:28]} 52. c5 {[%clk 0:10:30]} Be8 {[%clk 0:17:47]} 53. cxb6
{[%clk 0:09:38]} Qxc2+ {[%clk 0:18:06]} 54. Kxc2 {[%clk 0:10:04]} Nc6
{[%clk 0:17:41]} 55. Bg4 {[%clk 0:09:18]} Nd4+ {[%clk 0:16:30]} 56. Bxd4
{[%clk 0:09:10]} exd4 {[%clk 0:16:51]} 57. Bxe6 {[%clk 0:09:29]} Kxb6
{[%clk 0:17:06]} 58. Bxf7 {[%clk 0:09:00]} Bxf7 {[%clk 0:17:26]} 59. Rxf7
{[%clk 0:09:27]} Rh8 {[%clk 0:17:09]} 60. e5 {[%clk 0:09:00]} Rh2+
{[%clk 0:17:14]} 61. Kd1 {[%clk 0:09:18]} Rh1+ {[%clk 0:13:47]} 62. Ke2
{[%clk 0:09:41]} Rh2+ {[%clk 0:14:06]} 63. Kf3 {[%clk 0:10:02]} Rh3+
{[%clk 0:14:09]} 64. Ke4 {[%clk 0:08:56]} Bc5 {[%clk 0:12:58]} 65. Nxc5
{[%clk 0:09:17]} Kxc5 {[%clk 0:12:41]} 66. Rc7+ {[%clk 0:09:45]} 1-0

[Event "World Chess Olympiad 2018"]
[Site "Batumi"]
[Date "2018.10.01"]
[Round "7"]
[Board "1"]
[WhiteFideId "13602853"]
[White "Tutisani Noe"]
[BlackFideId "13900200"]
[Black "Iordachescu Viorel"]
[Result "1/2-1/2"]
[LiveChessVersion "1.4.8"]
[BlackElo "2591"]
[WhiteElo "2471"]

1. e4 {[%clk 1:30:56]} c6 {[%clk 1:30:40]} 2. d4 {[%clk 1:31:11]} d5
{[%clk 1:31:02]} 3. Nc3 {[%clk 1:31:32]} dxe4 {[%clk 1:31:24]} 4. Nxe4
{[%clk 1:31:58]} Nd7 {[%clk 1:31:46]} 5. Nf3 {[%clk 1:32:04]} Ngf6
{[%clk 1:31:13]} 6. Ng3 {[%clk 1:32:06]} c5 {[%clk 1:22:31]} 7. Bc4
{[%clk 1:29:34]} Nb6 {[%clk 1:16:55]} 8. Bb5+ {[%clk 1:23:18]} Bd7
{[%clk 1:16:31]} 9. Bxd7+ {[%clk 1:18:42]} Qxd7 {[%clk 1:11:39]} 10. O-O
{[%clk 1:13:48]} cxd4 {[%clk 1:11:22]} 11. Bg5 {[%clk 1:10:52]} e6
{[%clk 1:06:39]} 12. a4 {[%clk 1:07:52]} Be7 {[%clk 0:59:21]} 13. a5
{[%clk 1:05:39]} Nc8 {[%clk 0:51:58]} 14. Bxf6 {[%clk 1:01:01]} Bxf6
{[%clk 0:51:43]} 15. Nh5 {[%clk 1:01:27]} Ne7 {[%clk 0:51:25]} 16. a6
{[%clk 1:01:33]} Rd8 {[%clk 0:47:40]} 17. Nd2 {[%clk 0:48:44]} Qc6
{[%clk 0:40:12]} 18. Qg4 {[%clk 0:41:02]} Ng6 {[%clk 0:37:54]} 19. axb7
{[%clk 0:36:00]} Qxb7 {[%clk 0:37:58]} 20. Ne4 {[%clk 0:34:47]} Be5
{[%clk 0:34:32]} 21. Nc5 {[%clk 0:34:13]} Qe7 {[%clk 0:31:20]} 22. Nd3
{[%clk 0:34:18]} Bb8 {[%clk 0:30:51]} 23. Nxg7+ {[%clk 0:24:13]} Kf8
{[%clk 0:30:58]} 24. Nh5 {[%clk 0:24:38]} Rg8 {[%clk 0:27:48]} 25. Qh3
{[%clk 0:21:04]} Rd5 {[%clk 0:21:20]} 26. f4 {[%clk 0:19:36]} Qh4
{[%clk 0:15:23]} 27. Qxh4 {[%clk 0:19:30]} Nxh4 {[%clk 0:15:46]} 28. Ng3
{[%clk 0:18:05]} h5 {[%clk 0:13:17]} 29. Rf2 {[%clk 0:18:26]} Ke7
{[%clk 0:12:53]} 30. Nb4 {[%clk 0:15:04]} Rd6 {[%clk 0:06:39]} 31. Ra5
{[%clk 0:15:21]} Rb6 {[%clk 0:04:23]} 32. Nd3 {[%clk 0:15:26]} Rh8
{[%clk 0:03:41]} 33. Re2 {[%clk 0:13:17]} Kf8 {[%clk 0:02:31]} 34. Rxh5
{[%clk 0:13:26]} Rxh5 {[%clk 0:02:42]} 35. Nxh5 {[%clk 0:13:52]} Nf5
{[%clk 0:01:41]} 36. Nf6 {[%clk 0:13:28]} Rb7 {[%clk 0:01:33]} 37. g4
{[%clk 0:10:25]} Ne3 {[%clk 0:01:56]} 38. c3 {[%clk 0:09:25]} dxc3
{[%clk 0:01:42]} 39. bxc3 {[%clk 0:09:52]} Rb1+ {[%clk 0:00:56]} 40. Kf2
{[%clk 0:38:39]} Nd1+ {[%clk 0:30:56]} 41. Kf3 {[%clk 0:33:55]} Bc7
{[%clk 0:31:04]} 42. Ne4 {[%clk 0:30:31]} Nxc3 {[%clk 0:29:03]} 43. Nxc3
{[%clk 0:28:18]} Rb3 {[%clk 0:29:26]} 44. Rc2 {[%clk 0:28:47]} Ba5
{[%clk 0:29:41]} 45. Ra2 {[%clk 0:28:05]} Bb6 {[%clk 0:27:19]} 46. Rc2
{[%clk 0:28:34]} Ba5 {[%clk 0:27:43]} 47. Ra2 {[%clk 0:29:03]} Bb6
{[%clk 0:28:06]} 48. Rc2 {[%clk 0:29:29]} 1/2-1/2

[Event "World Chess Olympiad 2018"]
[Site "Batumi"]
[Date "2018.10.01"]
[Round "7"]
[Board "2"]
[WhiteFideId "13902393"]
[White "Hamitevici Vladimir"]
[BlackFideId "13611216"]
[Black "Petriashvili Nikoloz"]
[Result "1/2-1/2"]
[LiveChessVersion "1.4.8"]
[BlackElo "2343"]
[WhiteElo "2505"]

1. c4 {[%clk 1:30:43]} c5 {[%clk 1:30:49]} 2. g3 {[%clk 1:27:34]} g6
{[%clk 1:31:03]} 3. Bg2 {[%clk 1:27:06]} Bg7 {[%clk 1:31:18]} 4. e3
{[%clk 1:26:05]} Nc6 {[%clk 1:29:13]} 5. Ne2 {[%clk 1:26:14]} e5 {[%clk 1:29:38]}
6. Nbc3 {[%clk 1:23:59]} Nge7 {[%clk 1:30:01]} 7. O-O {[%clk 1:21:42]} O-O
{[%clk 1:30:25]} 8. b3 {[%clk 1:20:18]} d6 {[%clk 1:29:37]} 9. Bb2
{[%clk 1:19:58]} Be6 {[%clk 1:24:54]} 10. Rc1 {[%clk 1:08:25]} Qd7
{[%clk 1:24:52]} 11. f4 {[%clk 1:06:53]} Rad8 {[%clk 1:16:18]} 12. Ne4
{[%clk 1:01:03]} b6 {[%clk 1:06:18]} 13. Ng5 {[%clk 1:00:48]} Bf5
{[%clk 1:04:04]} 14. e4 {[%clk 0:48:03]} Bg4 {[%clk 1:04:24]} 15. h3
{[%clk 0:45:46]} Bxe2 {[%clk 1:04:47]} 16. Qxe2 {[%clk 0:46:11]} exf4
{[%clk 1:04:52]} 17. Bxg7 {[%clk 0:46:32]} Kxg7 {[%clk 1:05:19]} 18. gxf4
{[%clk 0:46:43]} Nd4 {[%clk 1:04:36]} 19. Qe3 {[%clk 0:44:37]} Rde8
{[%clk 0:57:18]} 20. d3 {[%clk 0:30:34]} f6 {[%clk 0:55:11]} 21. Nf3
{[%clk 0:30:42]} Nef5 {[%clk 0:54:46]} 22. Qf2 {[%clk 0:31:03]} Nxf3+
{[%clk 0:55:03]} 23. Bxf3 {[%clk 0:30:52]} Nd4 {[%clk 0:55:31]} 24. Kh2
{[%clk 0:30:53]} f5 {[%clk 0:48:29]} 25. Bg2 {[%clk 0:29:45]} Re7
{[%clk 0:47:53]} 26. Rce1 {[%clk 0:28:28]} b5 {[%clk 0:45:39]} 27. h4
{[%clk 0:27:29]} bxc4 {[%clk 0:46:03]} 28. bxc4 {[%clk 0:27:17]} Qa4
{[%clk 0:37:03]} 29. h5 {[%clk 0:26:34]} Qc2 {[%clk 0:33:57]} 30. Qh4
{[%clk 0:21:46]} Ref7 {[%clk 0:32:18]} 31. Re3 {[%clk 0:17:20]} fxe4
{[%clk 0:28:24]} 32. dxe4 {[%clk 0:17:08]} g5 {[%clk 0:24:22]} 33. Qxg5+
{[%clk 0:14:57]} Kh8 {[%clk 0:24:49]} 34. Rg3 {[%clk 0:15:00]} Qxc4
{[%clk 0:19:16]} 35. f5 {[%clk 0:09:51]} Ne2 {[%clk 0:18:43]} 36. Rg4
{[%clk 0:08:16]} Qc3 {[%clk 0:16:55]} 37. f6 {[%clk 0:04:20]} Qe5+
{[%clk 0:17:09]} 38. Qxe5 {[%clk 0:04:14]} dxe5 {[%clk 0:17:38]} 39. Rf5
{[%clk 0:03:37]} Rxf6 {[%clk 0:17:24]} 40. Rxe5 {[%clk 0:33:13]} c4
{[%clk 0:46:01]} 41. Rc5 {[%clk 0:32:20]} c3 {[%clk 0:41:22]} 42. Rgg5
{[%clk 0:28:50]} h6 {[%clk 0:29:00]} 43. Rgf5 {[%clk 0:28:03]} Rxf5
{[%clk 0:29:08]} 44. exf5 {[%clk 0:28:26]} Kg7 {[%clk 0:28:46]} 45. Bf3
{[%clk 0:16:36]} Nd4 {[%clk 0:24:33]} 46. Rxc3 {[%clk 0:16:57]} Rxf5
{[%clk 0:24:49]} 47. Bg4 {[%clk 0:17:10]} Rf2+ {[%clk 0:23:27]} 48. Kg3
{[%clk 0:17:21]} Rxa2 {[%clk 0:23:32]} 49. Rc4 {[%clk 0:17:16]} 1/2-1/2

[Event "World Chess Olympiad 2018"]
[Site "Batumi"]
[Date "2018.10.01"]
[Round "7"]
[Board "3"]
[WhiteFideId "13611860"]
[White "Kacharava Nikolozi"]
[BlackFideId "13900463"]
[Black "Svetushkin Dmitry"]
[Result "0-1"]
[LiveChessVersion "1.4.8"]
[BlackElo "2580"]
[WhiteElo "2373"]

1. e4 {[%clk 1:30:55]} g6 {[%clk 1:30:42]} 2. d4 {[%clk 1:31:03]} Bg7
{[%clk 1:31:04]} 3. Nf3 {[%clk 1:31:06]} d6 {[%clk 1:31:27]} 4. Bc4
{[%clk 1:30:29]} Nf6 {[%clk 1:30:02]} 5. Qe2 {[%clk 1:30:36]} O-O
{[%clk 1:29:12]} 6. O-O {[%clk 1:30:11]} c6 {[%clk 1:28:51]} 7. e5
{[%clk 1:28:31]} Nd5 {[%clk 1:28:35]} 8. h3 {[%clk 1:28:20]} Na6 {[%clk 1:19:52]}
9. Rd1 {[%clk 1:25:04]} Bf5 {[%clk 1:09:32]} 10. Bb3 {[%clk 1:22:31]} Qc7
{[%clk 1:04:24]} 11. c4 {[%clk 1:20:04]} Nb6 {[%clk 1:04:43]} 12. Bf4
{[%clk 1:11:45]} d5 {[%clk 1:03:11]} 13. c5 {[%clk 1:07:23]} Nd7 {[%clk 1:03:35]}
14. Nbd2 {[%clk 1:03:52]} Qc8 {[%clk 0:59:41]} 15. Ba4 {[%clk 0:53:00]} f6
{[%clk 0:51:13]} 16. Re1 {[%clk 0:44:22]} Nb4 {[%clk 0:42:24]} 17. e6
{[%clk 0:39:23]} Nb8 {[%clk 0:39:09]} 18. g4 {[%clk 0:37:18]} Bc2
{[%clk 0:37:40]} 19. Bb3 {[%clk 0:34:11]} Nd3 {[%clk 0:34:36]} 20. Bxc2
{[%clk 0:28:12]} Nxf4 {[%clk 0:34:37]} 21. Qe3 {[%clk 0:26:23]} Bh6
{[%clk 0:32:48]} 22. Kh1 {[%clk 0:20:43]} Na6 {[%clk 0:31:28]} 23. Nh4
{[%clk 0:17:49]} Kg7 {[%clk 0:30:09]} 24. Qg3 {[%clk 0:17:24]} Nc7
{[%clk 0:26:26]} 25. Ndf3 {[%clk 0:16:43]} Kh8 {[%clk 0:24:38]} 26. g5
{[%clk 0:11:01]} fxg5 {[%clk 0:24:44]} 27. Nxg5 {[%clk 0:11:09]} Bxg5
{[%clk 0:25:00]} 28. Qxg5 {[%clk 0:11:34]} Rf6 {[%clk 0:24:24]} 29. Bf5
{[%clk 0:07:03]} Nfxe6 {[%clk 0:17:48]} 30. Bxe6 {[%clk 0:05:01]} Nxe6
{[%clk 0:18:09]} 31. Qg4 {[%clk 0:05:14]} Nf4 {[%clk 0:10:53]} 32. Qxc8+
{[%clk 0:03:39]} Rxc8 {[%clk 0:11:16]} 33. Rxe7 {[%clk 0:03:49]} Nxh3
{[%clk 0:11:39]} 34. Kg2 {[%clk 0:02:41]} Nf4+ {[%clk 0:09:45]} 35. Kh2
{[%clk 0:02:07]} Ne6 {[%clk 0:07:46]} 36. Rxb7 {[%clk 0:01:54]} Nxd4
{[%clk 0:05:03]} 37. Rd1 {[%clk 0:00:42]} Ne6 {[%clk 0:04:18]} 38. Re1
{[%clk 0:00:39]} Nxc5 {[%clk 0:03:34]} 39. Rxa7 {[%clk 0:01:00]} g5
{[%clk 0:03:57]} 40. Ng2 {[%clk 0:30:41]} Ne4 {[%clk 0:34:10]} 41. Kg1
{[%clk 0:26:54]} Rcf8 {[%clk 0:32:16]} 42. Rc7 {[%clk 0:26:29]} Rxf2
{[%clk 0:31:13]} 43. Rxc6 {[%clk 0:25:53]} Rxb2 {[%clk 0:31:32]} 44. Rf1
{[%clk 0:23:50]} Rxf1+ {[%clk 0:27:10]} 45. Kxf1 {[%clk 0:24:19]} Rxa2
{[%clk 0:25:36]} 46. Ne3 {[%clk 0:24:26]} Ng3+ {[%clk 0:23:49]} 47. Kg1
{[%clk 0:24:44]} d4 {[%clk 0:24:12]} 48. Ng4 {[%clk 0:23:41]} d3 {[%clk 0:18:05]}
49. Rc8+ {[%clk 0:23:09]} Kg7 {[%clk 0:18:29]} 50. Rc7+ {[%clk 0:23:19]} Kf8
{[%clk 0:18:51]} 51. Rd7 {[%clk 0:21:30]} d2 {[%clk 0:19:04]} 52. Nf6
{[%clk 0:19:21]} Ne4 {[%clk 0:19:06]} 53. Nxe4 {[%clk 0:13:41]} Ra1+
{[%clk 0:19:28]} 0-1

[Event "World Chess Olympiad 2018"]
[Site "Batumi"]
[Date "2018.10.01"]
[Round "7"]
[Board "4"]
[WhiteFideId "13900897"]
[White "Morozov Nichita"]
[BlackFideId "13602799"]
[Black "Sibashvili Giorgi"]
[Result "1-0"]
[LiveChessVersion "1.4.8"]
[BlackElo "2425"]
[WhiteElo "2452"]

1. e4 {[%clk 1:30:50]} e5 {[%clk 1:29:24]} 2. Nf3 {[%clk 1:30:57]} Nc6
{[%clk 1:29:47]} 3. Bc4 {[%clk 1:31:22]} Nf6 {[%clk 1:29:42]} 4. d3
{[%clk 1:31:46]} Bc5 {[%clk 1:28:09]} 5. a4 {[%clk 1:31:25]} O-O {[%clk 1:27:06]}
6. O-O {[%clk 1:31:22]} d6 {[%clk 1:24:54]} 7. c3 {[%clk 1:30:23]} a6
{[%clk 1:24:40]} 8. h3 {[%clk 1:27:15]} Ba7 {[%clk 1:23:28]} 9. Re1
{[%clk 1:25:56]} Ne7 {[%clk 1:15:33]} 10. Nbd2 {[%clk 1:24:53]} c6
{[%clk 1:13:25]} 11. Bb3 {[%clk 1:23:17]} Ng6 {[%clk 1:10:55]} 12. Nf1
{[%clk 1:19:11]} Nh5 {[%clk 0:58:14]} 13. Bg5 {[%clk 1:09:16]} Qc7
{[%clk 0:56:38]} 14. Nxe5 {[%clk 1:03:46]} Nxe5 {[%clk 0:52:19]} 15. d4
{[%clk 1:04:11]} h6 {[%clk 0:50:55]} 16. Bxh6 {[%clk 0:46:40]} gxh6
{[%clk 0:48:35]} 17. Qxh5 {[%clk 0:44:23]} Kh7 {[%clk 0:46:34]} 18. Ne3
{[%clk 0:27:56]} Ng6 {[%clk 0:42:27]} 19. Nf5 {[%clk 0:25:42]} Bxf5
{[%clk 0:40:56]} 20. exf5 {[%clk 0:25:59]} Nf4 {[%clk 0:21:19]} 21. Qh4
{[%clk 0:26:25]} d5 {[%clk 0:21:24]} 22. Re7 {[%clk 0:21:46]} Qd6
{[%clk 0:21:27]} 23. Rae1 {[%clk 0:20:48]} Bb6 {[%clk 0:18:53]} 24. Bc2
{[%clk 0:17:56]} Bc7 {[%clk 0:13:14]} 25. g3 {[%clk 0:14:22]} Kg7
{[%clk 0:11:26]} 26. R1e6 {[%clk 0:11:51]} 1-0

[Event "World Chess Olympiad 2018"]
[Site "Batumi"]
[Date "2018.10.01"]
[Round "7"]
[Board "1"]
[WhiteFideId "1610856"]
[White "Ragger Markus"]
[BlackFideId "14403803"]
[Black "Kadric Denis"]
[Result "1-0"]
[LiveChessVersion "1.4.8"]
[BlackElo "2543"]
[WhiteElo "2686"]

1. e4 {[%clk 1:30:59]} Nc6 {[%clk 1:30:57]} 2. Nf3 {[%clk 1:31:21]} d6
{[%clk 1:31:26]} 3. d4 {[%clk 1:31:45]} Nf6 {[%clk 1:31:54]} 4. Nc3
{[%clk 1:32:05]} g6 {[%clk 1:32:22]} 5. Be3 {[%clk 1:32:22]} Bg7 {[%clk 1:32:50]}
6. Qd2 {[%clk 1:32:42]} O-O {[%clk 1:33:17]} 7. d5 {[%clk 1:33:05]} Nb8
{[%clk 1:33:36]} 8. Bh6 {[%clk 1:33:26]} c6 {[%clk 1:29:00]} 9. h3
{[%clk 1:32:14]} a6 {[%clk 1:23:50]} 10. g4 {[%clk 1:21:54]} Bxh6
{[%clk 1:14:54]} 11. Qxh6 {[%clk 1:22:21]} b5 {[%clk 1:07:35]} 12. Ng5
{[%clk 1:17:05]} e5 {[%clk 0:43:55]} 13. dxc6 {[%clk 1:03:13]} Be6
{[%clk 0:44:23]} 14. h4 {[%clk 0:47:06]} Ra7 {[%clk 0:32:40]} 15. h5
{[%clk 0:40:33]} Bxg4 {[%clk 0:29:06]} 16. Nd5 {[%clk 0:37:26]} Re8
{[%clk 0:29:33]} 17. c7 {[%clk 0:36:20]} Rxc7 {[%clk 0:30:00]} 18. Nxc7
{[%clk 0:36:43]} Qxc7 {[%clk 0:30:28]} 19. Nxh7 {[%clk 0:36:10]} Qe7
{[%clk 0:23:56]} 20. hxg6 {[%clk 0:34:37]} 1-0

[Event "World Chess Olympiad 2018"]
[Site "Batumi"]
[Date "2018.10.01"]
[Round "7"]
[Board "2"]
[WhiteFideId "922692"]
[White "Stojanovic Dalibor"]
[BlackFideId "1634852"]
[Black "Dragnev Valentin"]
[Result "1/2-1/2"]
[LiveChessVersion "1.4.8"]
[BlackElo "2508"]
[WhiteElo "2492"]

1. e4 {[%clk 1:30:51]} e5 {[%clk 1:30:52]} 2. Nf3 {[%clk 1:30:10]} Nc6
{[%clk 1:31:07]} 3. Bb5 {[%clk 1:28:36]} a6 {[%clk 1:31:30]} 4. Bxc6
{[%clk 1:28:13]} dxc6 {[%clk 1:31:51]} 5. Nc3 {[%clk 1:28:24]} f6
{[%clk 1:25:32]} 6. d4 {[%clk 1:26:32]} exd4 {[%clk 1:18:54]} 7. Qxd4
{[%clk 1:26:02]} Qxd4 {[%clk 1:04:01]} 8. Nxd4 {[%clk 1:26:26]} c5
{[%clk 1:04:11]} 9. Nde2 {[%clk 1:24:23]} Be6 {[%clk 0:51:58]} 10. Nf4
{[%clk 1:10:12]} Bf7 {[%clk 0:52:07]} 11. Nfd5 {[%clk 1:10:03]} Bd6
{[%clk 0:45:03]} 12. Bf4 {[%clk 1:01:41]} Bxf4 {[%clk 0:43:21]} 13. Nxf4
{[%clk 1:02:06]} O-O-O {[%clk 0:43:42]} 14. Rd1 {[%clk 0:58:01]} Ne7
{[%clk 0:43:35]} 15. f3 {[%clk 0:42:09]} Nc6 {[%clk 0:41:40]} 16. a3
{[%clk 0:42:02]} Nd4 {[%clk 0:35:17]} 17. Rd2 {[%clk 0:40:34]} Rd7
{[%clk 0:34:50]} 18. Nce2 {[%clk 0:34:38]} Rhd8 {[%clk 0:31:26]} 19. Nxd4
{[%clk 0:35:03]} cxd4 {[%clk 0:31:45]} 20. h4 {[%clk 0:35:11]} c5
{[%clk 0:28:09]} 21. Kf2 {[%clk 0:34:54]} Kc7 {[%clk 0:28:03]} 22. Re1
{[%clk 0:34:16]} Re8 {[%clk 0:21:24]} 23. g4 {[%clk 0:32:15]} g5 {[%clk 0:19:00]}
24. Ne2 {[%clk 0:26:34]} h5 {[%clk 0:17:34]} 25. gxh5 {[%clk 0:25:49]} Bxh5
{[%clk 0:17:37]} 26. Rh1 {[%clk 0:23:31]} Rh7 {[%clk 0:12:18]} 27. hxg5
{[%clk 0:21:29]} fxg5 {[%clk 0:12:26]} 28. Ng3 {[%clk 0:18:39]} Bg6
{[%clk 0:11:17]} 29. Rxh7+ {[%clk 0:18:34]} Bxh7 {[%clk 0:11:46]} 30. Rd1
{[%clk 0:15:27]} Bg6 {[%clk 0:10:16]} 31. Ne2 {[%clk 0:07:04]} Rf8
{[%clk 0:08:44]} 32. Kg3 {[%clk 0:07:20]} Bh5 {[%clk 0:09:01]} 33. Rf1
{[%clk 0:04:03]} Kd6 {[%clk 0:08:59]} 34. Ng1 {[%clk 0:03:27]} Ke5
{[%clk 0:07:12]} 35. Nh3 {[%clk 0:03:53]} Rg8 {[%clk 0:05:38]} 36. Nf2
{[%clk 0:04:00]} Rf8 {[%clk 0:02:52]} 1/2-1/2